| 000 | 00793nam a22001817a 4500 | ||
|---|---|---|---|
| 003 | BD-DhUL | ||
| 005 | 20160907162219.0 | ||
| 008 | 160127s1970 bg |||| |||| 000 0 ben | ||
| 040 |
_aBD-DhUL _cBD-DhUL |
||
| 082 |
_a954.92 _bMAD |
||
| 100 | 1 | _aআলী, মেহরাব | |
| 245 |
_aদিনাজপুরের রাজবংশের ইতিহাস : _cমেহরাব আলী _bদিনাজপুরের ইতিহাসের (মধ্য-আধুনিক যুগ), ৪র্থ খন্ড / |
||
| 260 |
_aঢাকা : _bরাজ দেবোওর এস্টেট, _c১৯৭০ |
||
| 300 |
_a১৭০ পৃ. ; _c২১ সেমি. |
||
| 650 | _aBangladesh- History | ||
| 650 | _aবাংলাদেশ- ইতিহাস | ||
| 942 |
_2ddc _cBK |
||
| 999 |
_c104685 _d104685 |
||